<?xml version="1.0" encoding="UTF-8"?><?xml-stylesheet type="text/xsl" href="static/style.xsl"?><OAI-PMH xmlns="http://www.openarchives.org/OAI/2.0/" xmlns:xsi="http://www.w3.org/2001/XMLSchema-instance" xsi:schemaLocation="http://www.openarchives.org/OAI/2.0/ http://www.openarchives.org/OAI/2.0/OAI-PMH.xsd"><responseDate>2026-06-05T15:48:28Z</responseDate><request verb="GetRecord" identifier="oai:riuma.uma.es:10630/38811" metadataPrefix="marc">https://riuma.uma.es/rest/oai/request</request><GetRecord><record><header><identifier>oai:riuma.uma.es:10630/38811</identifier><datestamp>2026-02-03T11:27:35Z</datestamp><setSpec>com_10630_2254</setSpec><setSpec>col_10630_37953</setSpec></header><metadata><record xmlns="http://www.loc.gov/MARC21/slim" xmlns:dcterms="http://purl.org/dc/terms/" xmlns:doc="http://www.lyncode.com/xoai" xmlns:xsi="http://www.w3.org/2001/XMLSchema-instance" xsi:schemaLocation="http://www.loc.gov/MARC21/slim http://www.loc.gov/standards/marcxml/schema/MARC21slim.xsd">
   <leader>00925njm 22002777a 4500</leader>
   <datafield ind2=" " ind1=" " tag="042">
      <subfield code="a">dc</subfield>
   </datafield>
   <datafield ind2=" " ind1=" " tag="720">
      <subfield code="a">Lluis Teruel, Cinta</subfield>
      <subfield code="e">author</subfield>
   </datafield>
   <datafield ind2=" " ind1=" " tag="720">
      <subfield code="a">Lluis i Ginovart, Josep</subfield>
      <subfield code="e">author</subfield>
   </datafield>
   <datafield ind2=" " ind1=" " tag="720">
      <subfield code="a">Bravo Nieto, Antonio</subfield>
      <subfield code="e">author</subfield>
   </datafield>
   <datafield ind2=" " ind1=" " tag="720">
      <subfield code="a">Ramírez-González, Sergio</subfield>
      <subfield code="e">author</subfield>
   </datafield>
   <datafield ind2=" " ind1=" " tag="260">
      <subfield code="c">2024</subfield>
   </datafield>
   <datafield ind2=" " ind1=" " tag="520">
      <subfield code="a">La construcción de almacenes de pólvora en la España de los siglos XVIII-XIX es un fiel reflejo de la mecánica constructiva de la Ilustración en los diferentes dominios de la Monarquía Hispánica, desarrollada por los ingenieros militares. La clasificación morfológica y tipológica de 271 proyectos de almacenes, custodiados en diferentes archivos españoles, nos permite una lectura cronológica de tales edificios adecuada para entender su evolución. Dentro de la gran variedad de modelos existentes puede establecerse el momento álgido en la realización de estos trabajos entre 1715-1755, en virtud de la utilización de bóvedas de cañón a prueba de bomba. A partir de estas fechas se imponen ejemplos de obras de fábrica con estructuras de madera más sencillas, hasta el punto de sacrificar el concepto de la resistencia de las bóvedas por la estrategia de aumentar los recintos de protección de los almacenes y&#xd;
alejarlos fuera de las plazas fortificadas.</subfield>
   </datafield>
   <datafield ind1="8" ind2=" " tag="024">
      <subfield code="a">Lluis, Cinta; Lluis, Josep; Bravo, Antonio y Ramírez, Sergio: “Un modelo de arquitectura militar española de la Ilustración: Taxonomía de los almacenes de pólvora (siglos XVIII-XIX)”, Informes de la Construcción, vol. 76, nº 574, 2024, 6656 .</subfield>
   </datafield>
   <datafield ind1="8" ind2=" " tag="024">
      <subfield code="a">https://hdl.handle.net/10630/38811</subfield>
   </datafield>
   <datafield ind1="8" ind2=" " tag="024">
      <subfield code="a">10.3989/ic.6656</subfield>
   </datafield>
   <datafield tag="653" ind2=" " ind1=" ">
      <subfield code="a">Arquitectura militar - S.XVIII-XIX</subfield>
   </datafield>
   <datafield tag="653" ind2=" " ind1=" ">
      <subfield code="a">Arte y ciencia militar</subfield>
   </datafield>
   <datafield ind2="0" ind1="0" tag="245">
      <subfield code="a">Un modelo de arquitectura militar española de la Ilustración: Taxonomía de los almacenes de pólvora (siglos XVIII-XIX)</subfield>
   </datafield>
</record>
</metadata></record></GetRecord></OAI-PMH>